000 00817nam a22002417a 4500
005 20150122084439.0
008 130611b1998 nyu||||g |||| 00| 0 eng d
020 _a0306458608
040 _aCO-BoIAVH
_cCO-BoIAVH
041 _aeng
082 0 0 _a306.4
_bG82s
100 1 _aGregory, Jane
_d1962-
_931868
245 1 0 _aScience in public:
_bcommunication, culture, and credibility
_cEdites by Jave Gregory et al
260 _aNew York :
_bPlenum Trade,
_cc1998
300 _ax, 294 p. ;
_c24 cm.
504 _aIncluye referencias bibliográficas (pag. 251-282) e índice
650 0 _aScience
_xPublic Opinion
_931869
650 0 _aScience
_xSocial aspects
_931870
650 0 _aCiencia
_xAspectos sociales
_931871
700 1 _aMiller, Steve
_d1948-
_931872
700 1 _aGregory, Jane
_931873
942 _2ddc
_cBIBLIOGRAF
999 _c7305
_d7305